000 00432 a2200169 4500
001 066260
003 OSt
005 20210920114334.0
008
082 _a512.02
_bG13C
100 1 _aGallian, Joseph A.
245 1 _aContemporary abstract algebra
_cby Joseph A. Gallian
260 _aNew Delhi
_bNarosa Publication
_c1998
300 _a583p.
690 _aAlgebra, Abstract
942 _2ddc
_cBK
999 _c384
_d384